Регионална библиотека "Любен Каравелов" - Русе

(Н)етикет и възпитание (Запис номер 130834)

MARC детайли
000 -Лидер
Контролно поле с фиксирана дължина 01459nam a2200385 c 4500
003 - Код на организацията, давaща контролен номер
Контролно поле BLK
005 - Дата и час на последна редакция
Контролно поле 20241221115038.0
008 - Елементи от данни с фиксирана дължина
fixed length control field 180409b bul|||||r ||||||| ||bul||
010 ## - Наследен системен номер
LC control number KNG00136627000
020 ## - Международен стандартен номер на книга ISBN
Международен стандартен номер на книга ISBN 978-954-321-951-3
-- издат.: Изток-Запад
040 ## - Източник на каталожния запис
Идентификатор на билиотеката - собственик на записа BLK
041 ## - Код за език
Код за езика на текст/звукозапис или на отделно заглавие Български
Код за езика КДБФ Български
072 #7 - Код за тематичната категория
Код организация bullib
Код за тематична категория Н15
Текст Психология Н
080 ## - УДК
Текстов определител УДК Психология на юношите
УДК код - определител по УДК 159.922.8
УДК определител
УДК - код + определител 159.922.8
100 1# - Редна дума - Автор
Автор Господинов, Владислав Динков
Авторска отговорност първи автор
R(LIN) 315486
139 ## - Редно поле
Редна дума Господинов, Владислав Динков
Авторски знак Гос - Г 70
245 10 - Сведения за заглавието
Заглавие (Н)етикет и възпитание
Подзаглавни данни С фокус към юношите
Редно поле (дума) Владислав Динков Господинов.
257 ## - Страна на издаване
Страна на създаване/издаване България
260 ## - Област на издателските данни
-- София
Име на издателя, разпространителя и проч. Изток-Запад
Година на издаване 2011
300 ## - Физическа характеристика
Страници 248 с.
Илюстрации и др. с табл., диагр.
Размери/Мащаб 22 см
380 ## - Жанр
Жанр Обществени науки
500 ## - Общи забележки
Забележка Библиогр. с. 215-219. - Рез. на англ., рус., нем., фр. ез.
650 #4 - Допълнително описание по предмет – тема
Основно описание – тема или топоним Юноши - психология
9 (RLIN) 263551
650 #4 - Допълнително описание по предмет – тема
Основно описание – тема или топоним Възпитание
9 (RLIN) 151367
653 ## - Ключова дума – ненормативна
Ключова дума юноши
653 ## - Ключова дума – ненормативна
Ключова дума психология
653 ## - Ключова дума – ненормативна
Ключова дума възпитание
659 ## - Тематичен бюлетин
Тематичен бюлетин Н
852 ## - Местоположение
Форматна сигнатура Цб 257207
856 4# - Електронен адрес и достъп
Електронен формат pdf - файл
Път до файла /url/
856 4# - Електронен адрес и достъп
Електронен формат pdf - файл
Път до файла /url/
942 ## - АРТИКУЛИ
Вид на библиотечния материал Книги
Скрит в OPAC Не
Koha issues (borrowed), all copies 5
944 ## - СЪЗДАВАНЕ И РЕДАКЦИЯ на ЗАПИСА
Създаване/Редакция Създаване
Дата на регистрацията/редакция 30.11.2012
Статус, дата на статуса Кети Илиева
Служител, извършил регистрацията/редакцията 30550
944 ## - СЪЗДАВАНЕ И РЕДАКЦИЯ на ЗАПИСА
Създаване/Редакция Редакция
Дата на регистрацията/редакция 17.09.2013
Статус, дата на статуса ф /
Служител, извършил регистрацията/редакцията
999 ## - СИСТЕМНИ КОНТРОЛНИ НОМЕРА
Koha biblionumber 130834
Koha biblioitemnumber 130834
Наличности
Код за отписване Код за изгубен артикул Код за повреда Коз за рестрикции Код за отдаване Артикулен № Име на библиотеката - собственик Име на библиотеката, в която се намира в момента Статус (Текущо местоположение) Дата на вписване в системата Местоположение - отдел Цена в лева Инвентарен номер Систематично азбучна сигнатура Баркод Номер на екземпляра Цена в евро Служебна бележка Служебен тип на артикула Източник на класификационната схема
  Не е изгубен Не е повреден без рестрикции ползва се в читалня 213123 Регионална библиотека "Любен Каравелов" Русе Регионална библиотека "Любен Каравелов" Русе Читалня 2012-11-25 Читалня 12.00 120000761523 Ч 159.92/Г 70 120000761523 1 6.14 Дост: Pk Вид: Ф N: 321 Дата: 19.11.2012 Дата инв: 21.03.2017 Бележки инв: Ч2017 Книги  
  Не е изгубен Не е повреден без рестрикции заемане за дома 213124 Регионална библиотека "Любен Каравелов" Русе Регионална библиотека "Любен Каравелов" Русе Заемна - подръчен фонд 2012-11-25 Заемна - подръчен фонд 12.00 120000761524 П 159.922.7/Г 70 В 120000761524 2 6.14 Дост: Pk Вид: Ф N: 321 Дата: 19.11.2012 Дата инв: 02.03.2018 Бележки инв: П2018 Книги Universal Decimal Classification
  Не е изгубен Не е повреден без рестрикции ползва се в читалня 213125 Регионална библиотека "Любен Каравелов" Русе Регионална библиотека "Любен Каравелов" Русе Хранилище 2013-09-17 Хранилище 12.00 120000769413 Цб 257207 120000769413 3 6.14 Дост: Dp Вид: Д N: 23 Дата: 29.05.2012 Книги  
Vip Innovations Ltd, Rousse, Bulgaria 2025